| 000 | 00591nam a2200205Ia 4500 | ||
|---|---|---|---|
| 003 | GCL | ||
| 008 | 140319s9999 xx 000 0 ara d | ||
| 040 |
_aGCL / _cGCL |
||
| 082 | 0 | 4 |
_a928.51 _bم ب |
| 100 | 1 | _aمحمد امين حسونة | |
| 245 | 1 | 0 |
_aبيراند يللو / _cمحمد امين حسونة |
| 300 | _a140 ص | ||
| 490 |
_aكتب ثقافية _v0 |
||
| 650 | 0 | 4 | _aالادباء |
| 650 | 0 | 4 | _aتاريخ ونقد |
| 650 | 0 | 4 | _aالادب الايطالى |
| 650 | 0 | 4 | _aتاريخ و نقد لموريناينا |
| 650 | 0 | 4 | _aبيراند يللو |
| 942 |
_2ddc _cBK |
||
| 999 |
_c47025 _d47025 |
||